000 00497nam a22001937a 4500
003 MPLRDC
005 20220104142737.0
008 210129b ||||| |||| 00| 0 eng d
020 _a957-13-0791-2
082 _a947.411 ZDY v.5 c.4
100 _a朱德庸
245 _a双响炮. 五
_c
250 _a四版
260 _a
_b时报文化出版企业有限公司
_c1994
300 _b
490 _a时报漫画丛书. 168
650 _a朱德庸漫画
942 _cBK
_o947.411 ZDY v.5 c.4
999 _c33365
_d33355